000 00503nam a2200193Ia 4500
005 20250117053647.0
008 240331s9999 xx 000 0 und d
020 _a0631138862
082 _bSTA
_23544
_a305.3
100 _aStatham, J
245 0 _aDaughters and Sons:
_bExperiences of non-sexist childraising
260 _aOxford
_aNew York
_bBasil Blackwell Ltd
_c1986
300 _aviii, 205 p.,
650 _aSexism
650 _aGender
650 _aMasculine
650 _aFeminine
942 _cL
999 _c1607
_d1607